| Tag |
First Indicator |
Second Indicator |
Subfields |
| LEADER |
00000cam a2200000 a 4500 |
| 001 |
in00005740421 |
| 005 |
20260326172332.6 |
| 006 |
m o d |
| 007 |
cr bn||||||ada |
| 008 |
100318s1984 enka o 101 0 eng d |
| 010 |
|
|
|z 84006182
|
| 040 |
|
|
|a OCLCE
|b eng
|e pn
|c OCLCE
|d OCLCQ
|d OCLCO
|d OCLCQ
|d OCLCF
|d OPELS
|d OCL
|d OCLCO
|d OCLCQ
|d OCLCO
|d COM
|d OCLCO
|d OCLCQ
|d OCLCO
|d OCLCL
|d INARC
|d OCLCL
|d OCLCO
|d OCLCL
|d OCLCQ
|
| 019 |
|
|
|a 301385941
|a 974616885
|a 1310597770
|a 1484888108
|
| 020 |
|
|
|a 9780080311180
|q (electronic bk.)
|
| 020 |
|
|
|a 0080311180
|q (electronic bk.)
|
| 035 |
|
|
|a (OCoLC)562447197
|z (OCoLC)301385941
|z (OCoLC)974616885
|z (OCoLC)1310597770
|z (OCoLC)1484888108
|
| 042 |
|
|
|a dlr
|
| 050 |
|
4 |
|a T60.8
|b .D47 1984
|
| 082 |
0 |
4 |
|a 670.42/7
|2 19
|
| 049 |
|
|
|a TXAM
|
| 245 |
0 |
0 |
|a Design of work in automated manufacturing systems :
|b with special reference to small and medium size firms : proceedings of the IFAC workshop, Karlsruhe, Federal Republic of Germany, 7-9 November 1983 /
|c edited by T. Martin.
|
| 250 |
|
|
|a 1st ed.
|
| 260 |
|
|
|a Oxford [Oxfordshire] ;
|a New York :
|b Published for the International Federation of Automatic Control by Pergamon Press,
|c 1984.
|
| 300 |
|
|
|a 1 online resource (xi, 173 pages) :
|b illustrations
|
| 336 |
|
|
|a text
|b txt
|2 rdacontent
|
| 337 |
|
|
|a computer
|b c
|2 rdamedia
|
| 338 |
|
|
|a online resource
|b cr
|2 rdacarrier
|
| 500 |
|
|
|a Proceedings of the IFAC Workshop on Design of Work in Automated Manufacturing Systems.
|
| 500 |
|
|
|a Includes index.
|
| 538 |
|
|
|a Master and use copy. Digital master created according to Benchmark for Faithful Digital Reproductions of Monographs and Serials, Version 1. Digital Library Federation, December 2002.
|u http://purl.oclc.org/DLF/benchrepro0212
|5 MiAaHDL
|
| 583 |
1 |
|
|a digitized
|c 2010
|h HathiTrust Digital Library
|l committed to preserve
|2 pda
|5 MiAaHDL
|
| 588 |
0 |
|
|a Print version record.
|
| 520 |
|
|
|a Design of Work in Automated Manufacturing Systems focuses on the need to improve the working conditions in the workplace while at same time putting emphasis on the use of technologies in various industries.
|
| 504 |
|
|
|a Includes bibliographical references and index.
|
| 650 |
|
0 |
|a Work design
|v Congresses.
|
| 650 |
|
0 |
|a Automation
|v Congresses.
|
| 650 |
|
6 |
|a Travail
|x Conception
|v Congrès.
|
| 650 |
|
6 |
|a Automatisation
|v Congrès.
|
| 650 |
|
7 |
|a Automation
|2 fast
|
| 650 |
|
7 |
|a Work design
|2 fast
|
| 650 |
|
7 |
|a Work design
|v Congresses.
|2 nli
|
| 650 |
|
7 |
|a Automation
|v Congresses.
|2 nli
|
| 653 |
|
|
|a Flexible manufacturing systems
|
| 655 |
|
7 |
|a Electronic books.
|2 local
|
| 655 |
|
2 |
|a Congress
|
| 655 |
|
7 |
|a proceedings (reports)
|2 aat
|
| 655 |
|
7 |
|a Conference papers and proceedings
|2 fast
|
| 655 |
|
7 |
|a Conference papers and proceedings.
|2 lcgft
|
| 655 |
|
7 |
|a Actes de congrès.
|2 rvmgf
|
| 700 |
1 |
|
|a Martin, Tomas,
|d 1936-
|1 https://id.oclc.org/worldcat/entity/E39PCjGgHFgtGC7PdxFVjjwdXq
|
| 710 |
2 |
|
|a ScienceDirect (Online service)
|
| 710 |
2 |
|
|a International Federation of Automatic Control.
|1 https://id.oclc.org/worldcat/entity/E39QQPVp7TpwMVccP94JvbW6Wt
|
| 711 |
2 |
|
|a IFAC Workshop on Design of Work in Automated Manufacturing Systems
|d (1983 :
|c Karlsruhe, Germany)
|
| 758 |
|
|
|i has work:
|a Design of work in automated manufacturing systems (Text)
|1 https://id.oclc.org/worldcat/entity/E39PCG4vPPxmKkdHGGMcDhCfFX
|4 https://id.oclc.org/worldcat/ontology/hasWork
|
| 776 |
0 |
8 |
|i Print version:
|t Design of work in automated manufacturing systems.
|b 1st ed.
|d Oxford [Oxfordshire] ; New York : Published for the International Federation of Automatic Control by Pergamon Press, 1984
|w (DLC) 84006182
|w (OCoLC)10559119
|
| 856 |
4 |
0 |
|u http://proxy.library.tamu.edu/login?url=https://www.sciencedirect.com/science/book/9780080311180
|z Connect to the full text of this electronic book
|t 0
|
| 955 |
|
|
|a Elsevier ScienceDirect 2026-2027
|
| 994 |
|
|
|a 92
|b TXA
|
| 999 |
f |
f |
|i ee6e81fd-2881-4bf3-b725-44b8621e4fa1
|s c1e57364-4b57-4ca0-86c6-f43a544fcfb8
|t 0
|
| 952 |
f |
f |
|a Texas A&M University
|b College Station
|c Electronic Resources
|s www_evans
|d Available Online
|t 0
|e T60.8 .D47 1984
|h Library of Congress classification
|
| 998 |
f |
f |
|a T60.8 .D47 1984
|t 0
|l Available Online
|